Algunos elementos sobre planificación y programación

में बचाया:
ग्रंथसूची विवरण
निगमित लेखक: Costa Rica. Ministerio de Gobernación. Dirección Nacional de Desarrollo de la Comunidad
स्वरूप: मूलपाठ
प्रकाशित: San José: DINADECO. Depto. de Programación y Evaluación
विषय:
टैग: टैग जोड़ें
कोई टैग नहीं, इस रिकॉर्ड को टैग करने वाले पहले व्यक्ति बनें!

MARC

LEADER 00000 a a2200000 04500
001 15609
003
040
090 |a 015600  
110 |a Costa Rica. Ministerio de Gobernación. Dirección Nacional de Desarrollo de la Comunidad  
245 |a Algunos elementos sobre planificación y programación  
260 |a San José:   |b DINADECO. Depto. de Programación y Evaluación  
300 |a 8; 5 p.  
650 |a PLANIFICACION  
999 |c 12545  |d 12545